Flaggen Asien - random - Statistiken

Allgemein
  • Dieses Quiz wurde 83 mal gespielt
  • Das Durchschnittsergebnis liegt bei 44 aus 48
Antwortstatistiken
Bildquiz Antwort % Korrekt
Georgien
100%
Südkorea
100%
Bhutan
98%
China
98%
Israel
98%
Japan
98%
Nepal
98%
Thailand
98%
Türkei
98%
Zypern
98%
Indien
96%
Indonesien
96%
Katar
96%
Libanon
96%
Syrien
96%
Vietnam
96%
Bangladesch
94%
Irak
94%
Malaysia
94%
Nordkorea
94%
Saudi-Arabien
94%
Singapur
94%
Sri Lanka
94%
Iran
93%
Kasachstan
93%
Laos
93%
Mongolei
93%
Pakistan
93%
Usbekistan
93%
Kambodscha
91%
Kirgisistan
91%
Philippinen
91%
Jemen
89%
Afghanistan
87%
Armenien
87%
Bahrain
87%
Jordanien
87%
Malediven
87%
Myanmar
87%
Osttimor
87%
Aserbaidschan
85%
Kuwait
85%
Turkmenistan
85%
Vereinigte Arabische Emirate
85%
Brunei
81%
Taiwan
81%
Tadschikistan
78%
Oman
74%
Keine übereinstimmenden Quizze gefunden
Verteilung der Resultate
Anzahl Personen mit jedem Resultat
Perzentil nach korrekt beantworteten Fragen
Ihre Resultats-Entwicklung
Sie haben dieses Quiz noch nicht gespielt